00699 2200277 4500001002100000005001500021035002000036007000300056008004100059020002200100082001100122084001700133100001600150245002400166250001000190260003000200300002800230650001400258040001200272850001200284990002500296990002500321990002500346990002500371990002500396INLIS00000000069073320190514111927 a0010-0519000148ta190514 b 0 ind  a978-979-29-5386-2 a011.62 a011.62 WAR m aWarner Bros1 aMath /cWarner Bros aEd. I aYogyakarta :bANDI,c2015 a32 hlm :bilus ;c28 cm aBuku anak aJIPUBAY aJIPUBAY a00500739/DPKBWI/2019 a00500737/DPKBWI/2019 a00500738/DPKBWI/2019 a00500740/DPKBWI/2019 a00500741/DPKBWI/2019